[Event "DM 2023 G5-1 Grp2"]
[Site "Svendborg"]
[Date "2023.04.01"]
[Round "1"]
[White "Nielsen, Angelo"]
[Black "Hansen, Allan Hallgren"]
[Result "1-0"]
[WhiteElo "1640"]
[BlackElo "1570"]
[PlyCount "119"]
[EventDate "2023.04.01"]
[EventType "swiss"]
[EventRounds "5"]
[EventCountry "DEN"]
[SourceTitle "Live v. Kasper Jerwiarz"]

1. d4 d5 2. c4 c6 3. g3 g6 4. Nf3 Bg7 5. Bg2 Nf6 6. O-O O-O 7. Nc3 Re8 8. Bf4
Bf5 9. Nd2 Nh5 10. Be3 e5 11. Nf3 exd4 12. Nxd4 Be6 13. cxd5 Bxd5 14. Nxd5 cxd5
15. Qb3 Qd7 16. Rfd1 Nf6 17. Rac1 Nc6 18. Nxc6 bxc6 19. Bd4 Rac8 20. e3 Rc7 21.
Rc2 Rec8 22. Rdc1 Ne8 23. Qd3 Bxd4 24. Qxd4 Nd6 25. b3 Nb5 26. Qh4 Qd6 27. a4
Na3 28. Rd2 Rb8 29. Qf4 Qxf4 30. gxf4 Rxb3 31. Rxd5 Rb1 32. Rdc5 Rxc1+ 33. Rxc1
c5 34. Be4 c4 35. Rc3 f5 36. Rxa3 fxe4 37. Rc3 Kf7 38. f3 exf3 39. Kf2 Rc5 40.
Kxf3 Kf6 41. h4 Ke7 42. e4 Ke6 43. Ke3 Rh5 44. Rxc4 Rxh4 45. Rc6+ Kd7 46. Ra6
Rh3+ 47. Kd4 Rh1 48. Rxa7+ Ke6 49. Ra6+ Ke7 50. Kd5 Rd1+ 51. Ke5 Rd7 52. a5 Kf7
53. Rf6+ Kg7 54. a6 h5 55. Rb6 Re7+ 56. Kd4 Kh6 57. f5 h4 58. Rxg6+ Kh5 59. Rg1
h3 60. f6 1-0

[Event "DM 2023 G5-1 Grp2"]
[Site "Svendborg"]
[Date "2023.04.01"]
[Round "1"]
[White "Kappel, Erik"]
[Black "Rasmussen, Erling"]
[Result "0-1"]
[WhiteElo "1445"]
[BlackElo "1635"]
[PlyCount "50"]
[EventDate "2023.04.01"]
[EventType "swiss"]
[EventRounds "5"]
[EventCountry "DEN"]
[SourceTitle "Live v. Kasper Jerwiarz"]

1. d4 Nf6 2. c4 e5 3. dxe5 Ne4 4. Nd2 Nc5 5. Ngf3 Nc6 6. e3 d6 7. exd6 Qxd6 8.
Be2 Bf5 9. a3 Nd3+ 10. Kf1 O-O-O 11. Nb3 Qf6 12. Nbd4 Nce5 13. Qc2 Be4 14. Qa4
Bc5 15. b4 Bxd4 16. exd4 Nxf3 17. Bxf3 Bxf3 18. Be3 Be4 19. Qxa7 b6 20. Ra2 Nf4
21. f3 Bd3+ 22. Kf2 Bxc4 23. Rc1 Nd3+ 24. Kg1 Nxc1 25. Bxc1 Bxa2 0-1

[Event "DM 2023 G5-1 Grp2"]
[Site "Svendborg"]
[Date "2023.04.01"]
[Round "1"]
[White "Hanuscheck, Jorgen Peter"]
[Black "Pedersen, Kim Michael"]
[Result "1/2-1/2"]
[WhiteElo "1602"]
[BlackElo "1631"]
[PlyCount "88"]
[EventDate "2023.04.01"]
[EventType "swiss"]
[EventRounds "5"]
[EventCountry "DEN"]
[SourceTitle "Live v. Kasper Jerwiarz"]

1. d4 d5 2. c4 Nf6 3. Bg5 Ne4 4. h4 Nxg5 5. hxg5 g6 6. e3 Bg7 7. Nf3 c5 8. cxd5
cxd4 9. Nxd4 Qxd5 10. Nc3 Qa5 11. Bb5+ Bd7 12. Bxd7+ Nxd7 13. Qb3 O-O 14. Qxb7
Nc5 15. Qb5 Qxb5 16. Ncxb5 Nd3+ 17. Ke2 Nxb2 18. Nc6 e6 19. Nbxa7 Na4 20. Rac1
Nc3+ 21. Kf1 Nxa2 22. Rc4 h5 23. gxh6 Bf6 24. Rf4 Bg5 25. Rg4 Bf6 26. f4 Nb4
27. Nxb4 Rxa7 28. Kf2 Rd7 29. Nc6 Kh7 30. Kf3 Rd5 31. Rg3 Rh5 32. Rxh5 gxh5 33.
Rh3 h4 34. g4 hxg3 35. Kxg3 Rg8+ 36. Kf3 Rg6 37. e4 Rxh6 38. Rxh6+ Kxh6 39. e5
Bh4 40. Kg4 Be1 41. Nd8 Kg6 42. Nc6 f5+ 43. exf6 Kxf6 44. Ne5 Bd2 1/2-1/2

[Event "DM 2023 G5-1 Grp2"]
[Site "Svendborg"]
[Date "2023.04.01"]
[Round "1"]
[White "Skaerved, Mattias"]
[Black "Danielsen, Johnni Hjort"]
[Result "1/2-1/2"]
[WhiteElo "1483"]
[BlackElo "1631"]
[PlyCount "113"]
[EventDate "2023.04.01"]
[EventType "swiss"]
[EventRounds "5"]
[EventCountry "DEN"]
[SourceTitle "Live v. Kasper Jerwiarz"]

1. d4 Nf6 2. Bf4 e6 3. e3 c5 4. Nf3 Nc6 5. c3 cxd4 6. cxd4 d5 7. a3 a6 8. Bd3
Bd6 9. Bg3 O-O 10. Bh4 h6 11. Nbd2 b5 12. b4 Bb7 13. Nb3 Be7 14. Nc5 Qc7 15.
Bg3 Qc8 16. O-O Bxc5 17. bxc5 Na5 18. Bh4 Ne4 19. Nd2 Nxd2 20. Qxd2 Nc4 21. Qc3
Re8 22. a4 e5 23. Bg3 e4 24. Bc2 Qd7 25. f3 f5 26. fxe4 fxe4 27. Rf4 Rf8 28.
axb5 Rxf4 29. Bxf4 axb5 30. Rxa8+ Bxa8 31. Bb3 Bc6 32. Kf2 Kf7 33. h3 Qf5 34.
g4 Qf6 35. Bxc4 bxc4 36. Kg3 g5 37. Be5 Qf3+ 38. Kh2 Bd7 39. Bg3 Qe2+ 40. Kg1
h5 41. Bf2 hxg4 42. h4 Qf3 43. Qe1 g3 44. Bxg3 Bh3 45. Qf2 Qxf2+ 46. Kxf2 gxh4
47. Bxh4 Ke6 48. Bd8 Kd7 49. Bb6 Kc6 50. Ke1 Kb5 51. Kd2 Kb4 52. Kc2 Bd7 53.
Bc7 Ba4+ 54. Kb2 c3+ 55. Kc1 Kc4 56. Bf4 Kd3 57. Bg5 1/2-1/2

[Event "DM 2023 G5-1 Grp2"]
[Site "Svendborg"]
[Date "2023.04.01"]
[Round "1"]
[White "Andersen, Per"]
[Black "Hansen, Anders"]
[Result "1-0"]
[WhiteElo "1524"]
[BlackElo "1501"]
[PlyCount "73"]
[EventDate "2023.04.01"]
[EventType "swiss"]
[EventRounds "5"]
[EventCountry "DEN"]
[SourceTitle "Live v. Kasper Jerwiarz"]

1. d4 Nf6 2. c4 e6 3. Nc3 c5 4. d5 exd5 5. cxd5 d6 6. e4 g6 7. Nf3 Bg7 8. Bd3
O-O 9. O-O Bg4 10. h3 Bxf3 11. Qxf3 Nbd7 12. Bf4 Ne8 13. Rac1 Ne5 14. Bxe5 Bxe5
15. b3 a6 16. Bb1 b5 17. Ne2 Qh4 18. Qe3 Bg7 19. f4 Qe7 20. Kh1 Nf6 21. Qf3
Rae8 22. Ng3 h5 23. Rfe1 Nxd5 24. exd5 Qxe1+ 25. Rxe1 Rxe1+ 26. Kh2 Rxb1 27.
Ne4 Rd8 28. Qg3 Rd7 29. Qg5 Kf8 30. Nf6 Re7 31. f5 Rf1 32. Nh7+ Ke8 33. f6 Bh8
34. Qh6 Bxf6 35. Nxf6+ Rxf6 36. Qh8+ Kd7 37. Qxf6 1-0

[Event "DM 2023 G5-1 Grp2"]
[Site "Svendborg"]
[Date "2023.04.02"]
[Round "2"]
[White "Rasmussen, Erling"]
[Black "Nielsen, Angelo"]
[Result "0-1"]
[WhiteElo "1635"]
[BlackElo "1640"]
[PlyCount "38"]
[EventDate "2023.04.01"]
[EventType "swiss"]
[EventRounds "5"]
[EventCountry "DEN"]
[SourceTitle "Live v. Kasper Jerwiarz"]

1. f4 b6 2. e4 Bb7 3. Nc3 e6 4. Nf3 Nf6 5. e5 Nd5 6. d4 Bb4 7. Bd2 Na6 8. Nxd5
Bxd2+ 9. Qxd2 exd5 10. Bd3 Qe7 11. O-O Nb4 12. Be2 c5 13. a3 Nc6 14. c3 c4 15.
Rae1 O-O-O 16. f5 h6 17. Qf4 g5 18. fxg6 fxg6 19. Qf7 Qxf7 0-1

[Event "DM 2023 G5-1 Grp2"]
[Site "Svendborg"]
[Date "2023.04.02"]
[Round "2"]
[White "Bruntse, Kathrine Lindegaard"]
[Black "Andersen, Per"]
[Result "1-0"]
[WhiteElo "1550"]
[BlackElo "1524"]
[PlyCount "73"]
[EventDate "2023.04.01"]
[EventType "swiss"]
[EventRounds "5"]
[EventCountry "DEN"]
[SourceTitle "Live v. Kasper Jerwiarz"]

1. d4 Nf6 2. c4 g6 3. Nc3 Bg7 4. e4 d6 5. Nf3 O-O 6. Be2 e5 7. Be3 Nc6 8. d5
Ne7 9. Nd2 Ne8 10. b4 f5 11. f3 f4 12. Bf2 Nf6 13. c5 g5 14. Nc4 Ng6 15. cxd6
cxd6 16. Nb5 Ne8 17. Nxa7 Bd7 18. Nb6 Rb8 19. Rc1 h5 20. a4 Nf6 21. Nb5 Bxb5
22. Bxb5 g4 23. a5 g3 24. hxg3 fxg3 25. Bxg3 Bh6 26. Rc2 Bg5 27. Bf2 h4 28. Rh2
Bf4 29. Rh3 Bg5 30. g3 hxg3 31. Bxg3 Rf7 32. Rch2 Rh7 33. Rxh7 Nxh7 34. Bd7 Nf6
35. Bf5 Bf4 36. Rg2 Nh5 37. Bf2 1-0

[Event "DM 2023 G5-1 Grp2"]
[Site "Svendborg"]
[Date "2023.04.02"]
[Round "2"]
[White "Danielsen, Johnni Hjort"]
[Black "Hanuscheck, Jorgen Peter"]
[Result "0-1"]
[WhiteElo "1631"]
[BlackElo "1602"]
[PlyCount "86"]
[EventDate "2023.04.01"]
[EventType "swiss"]
[EventRounds "5"]
[EventCountry "DEN"]
[SourceTitle "Live v. Kasper Jerwiarz"]

1. c4 c5 2. Nf3 Nc6 3. Nc3 Nf6 4. g3 d5 5. cxd5 Nxd5 6. Bg2 Bf5 7. d3 Ndb4 8.
a3 Qa5 9. O-O c4 10. Be3 Nxd3 11. exd3 cxd3 12. Nd4 Nxd4 13. Bxd4 Rd8 14. Be3
Qa6 15. Nd5 Rd7 16. Rc1 Kd8 17. Rc3 e6 18. Nb4 Bxb4 19. axb4 b6 20. Qd2 Ke7 21.
Rfc1 h5 22. h4 f6 23. Rc7 Rhd8 24. Rxd7+ Rxd7 25. Rc3 e5 26. f3 Qb5 27. Rc1 Qd5
28. Kh2 e4 29. fxe4 Bxe4 30. Bxe4 Qxe4 31. Re1 Qf5 32. Bxb6+ Kf7 33. Bc5 a5 34.
Ra1 Qe4 35. bxa5 Rd5 36. Re1 Qc4 37. Re7+ Kg6 38. b4 Rf5 39. Re6 Qxe6 40. Qxd3
Kf7 41. a6 Rd5 42. Qe3 Re5 43. a7 Qa2+ 0-1

[Event "DM 2023 G5-1 Grp2"]
[Site "Svendborg"]
[Date "2023.04.02"]
[Round "2"]
[White "Pedersen, Kim Michael"]
[Black "Skaerved, Mattias"]
[Result "0-1"]
[WhiteElo "1631"]
[BlackElo "1483"]
[PlyCount "114"]
[EventDate "2023.04.01"]
[EventType "swiss"]
[EventRounds "5"]
[EventCountry "DEN"]
[SourceTitle "Live v. Kasper Jerwiarz"]

1. d4 f5 2. Bf4 Nf6 3. e3 d6 4. Nf3 h6 5. h3 a6 6. d5 Nbd7 7. Nh4 Ne5 8. Bxe5
dxe5 9. Ng6 Rg8 10. Nc3 Qd6 11. Be2 Bd7 12. O-O O-O-O 13. Bc4 Be8 14. Nxf8 Rxf8
15. f4 e4 16. a3 Qc5 17. Qd4 Qxd4 18. exd4 b5 19. Ba2 Bf7 20. Rad1 Nxd5 21.
Nxd5 Bxd5 22. Bxd5 Rxd5 23. Kf2 Rfd8 24. Ke3 c5 25. c3 cxd4+ 26. cxd4 g5 27. g3
Kb7 28. Rf2 gxf4+ 29. gxf4 Rg8 30. Rh2 Kc6 31. Rc2+ Kb6 32. Rh2 Rg3+ 33. Ke2
Rf3 34. Rf2 Rxh3 35. Rg2 Rb3 36. Rd2 h5 37. Rh2 Rf3 38. Rh4 Kc7 39. Rxh5 Rxf4
40. Rh6 Rd6 41. Rc2+ Kd7 42. Rh8 Rc6 43. Rd8+ Kxd8 44. Rxc6 Rf3 45. Rxa6 Rb3
46. Re6 Rxb2+ 47. Ke3 Kd7 48. d5 Rb3+ 49. Kd4 Rxa3 50. Kc5 Rd3 51. Re5 Rf3 52.
Re6 e3 53. Kxb5 f4 54. Kc4 Rf2 55. Kd4 e2 56. Kd3 f3 57. Kd2 Rf1 0-1

[Event "DM 2023 G5-1 Grp2"]
[Site "Svendborg"]
[Date "2023.04.02"]
[Round "2"]
[White "Hansen, Anders"]
[Black "Bruntse, Caroline Lindegaard"]
[Result "1-0"]
[WhiteElo "1501"]
[BlackElo "1425"]
[PlyCount "77"]
[EventDate "2023.04.01"]
[EventType "swiss"]
[EventRounds "5"]
[EventCountry "DEN"]
[SourceTitle "Live v. Kasper Jerwiarz"]

1. b3 d5 2. Bb2 c5 3. e3 Nc6 4. Nf3 e6 5. Bb5 Nf6 6. Ne5 Qc7 7. f4 a6 8. Bxc6+
bxc6 9. O-O Be7 10. Ng4 Qd8 11. Ne5 Bb7 12. d3 O-O 13. Nd2 Ne8 14. Qe2 Nd6 15.
c4 f6 16. Ng4 Qc7 17. Rf3 Rad8 18. Rh3 Bc8 19. Rg3 Kh8 20. Nf2 Nf5 21. Rf3 d4
22. e4 Nd6 23. Kh1 e5 24. f5 Nf7 25. h4 Nh6 26. g4 Nf7 27. Rg1 h6 28. Rh3 Kg8
29. Nf3 Rd6 30. Bc1 Bb7 31. g5 fxg5 32. hxg5 hxg5 33. Nxg5 Nxg5 34. Bxg5 Bxg5
35. Rxg5 Rff6 36. Qh5 Rh6 37. Qe8+ Kh7 38. Rgh5 Bc8 39. Ng4 1-0

[Event "DM 2023 G5-1 Grp2"]
[Site "Svendborg"]
[Date "2023.04.02"]
[Round "2"]
[White "Hansen, Allan Hallgren"]
[Black "Kappel, Erik"]
[Result "0-1"]
[WhiteElo "1570"]
[BlackElo "1445"]
[PlyCount "68"]
[EventDate "2023.04.01"]
[EventType "swiss"]
[EventRounds "5"]
[EventCountry "DEN"]
[SourceTitle "Live v. Kasper Jerwiarz"]

1. d4 d5 2. c4 e6 3. Nc3 Nf6 4. Bf4 a6 5. e3 Bd6 6. Bxd6 Qxd6 7. Nf3 Nc6 8. Bd3
O-O 9. O-O h6 10. a3 Re8 11. Qc2 dxc4 12. Bxc4 b5 13. Bd3 Bb7 14. b4 Rac8 15.
Rac1 Ne7 16. Ne4 Nxe4 17. Bxe4 Nd5 18. Ne5 c6 19. Bh7+ Kf8 20. Be4 a5 21. Qc5
Qxc5 22. Nd7+ Kg8 23. Nxc5 Re7 24. bxa5 Ra8 25. Nxb7 Rxb7 26. Rxc6 g6 27. a6
Rba7 28. Ra1 Rxa6 29. Rxa6 Rxa6 30. Bd3 Ra5 31. Rb1 Rxa3 32. g3 Rxd3 33. Rxb5
Nf6 34. Kg2 Rd2 0-1

[Event "DM 2023 G5-1 Grp2"]
[Site "Svendborg"]
[Date "2023.04.03"]
[Round "3"]
[White "Nielsen, Angelo"]
[Black "Hanuscheck, Jorgen Peter"]
[Result "1-0"]
[WhiteElo "1640"]
[BlackElo "1602"]
[PlyCount "39"]
[EventDate "2023.04.01"]
[EventType "swiss"]
[EventRounds "5"]
[EventCountry "DEN"]
[SourceTitle "Live v. Kasper Jerwiarz"]

1. d4 Nf6 2. Nc3 e6 3. Bg5 Be7 4. e3 b6 5. Qf3 d5 6. Bb5+ c6 7. Bd3 h6 8. Bf4
Bd6 9. e4 Bxf4 10. Qxf4 dxe4 11. Nxe4 Qxd4 12. Nd6+ Qxd6 13. Qxd6 Bd7 14. Nf3
Nd5 15. O-O f6 16. Bg6+ Kd8 17. Nd4 Nc7 18. Rad1 c5 19. Nc6+ Nxc6 20. Qxd7# 1-0

[Event "DM 2023 G5-1 Grp2"]
[Site "Svendborg"]
[Date "2023.04.03"]
[Round "3"]
[White "Skaerved, Mattias"]
[Black "Bruntse, Kathrine Lindegaard"]
[Result "0-1"]
[WhiteElo "1483"]
[BlackElo "1550"]
[PlyCount "114"]
[EventDate "2023.04.01"]
[EventType "swiss"]
[EventRounds "5"]
[EventCountry "DEN"]
[SourceTitle "Live v. Kasper Jerwiarz"]

1. d4 d5 2. Bf4 Nf6 3. e3 c5 4. c3 Nc6 5. Nf3 Qb6 6. b3 Bf5 7. dxc5 Qxc5 8. b4
Qb6 9. a4 e6 10. a5 Qd8 11. Bb5 a6 12. Bxc6+ bxc6 13. Qa4 Rc8 14. O-O Bd6 15.
Nbd2 Ne4 16. Nxe4 Bxe4 17. Bxd6 Bxf3 18. Bg3 Be2 19. Rfc1 O-O 20. Ra2 Bc4 21.
Rd2 Qe7 22. Qd1 c5 23. Rb2 Bb5 24. Rcb1 Rfe8 25. Qg4 Qf6 26. e4 Qxc3 27. exd5
exd5 28. h4 Rc6 29. Rb3 Qf6 30. bxc5 Rxc5 31. f3 Rc4 32. Qh5 Qg6 33. Qxg6 hxg6
34. Rxb5 axb5 35. Rxb5 d4 36. Rd5 Ra8 37. Be1 Rc1 38. Kf2 Rc2+ 39. Kg3 Re8 40.
Bf2 Ree2 41. Bxd4 Rxg2+ 42. Kf4 Ra2 43. Bb6 Rh2 44. Rd8+ Kh7 45. Rd7 f6 46. Bd8
Kg8 47. Ra7 Rxh4+ 48. Kg3 g5 49. Ra8 Kf7 50. a6 Rha4 51. Ra7+ Kg6 52. Rb7 Rxa6
53. Rb4 R6a4 54. Rb7 Rd2 55. Be7 Raa2 56. f4 Rd3+ 57. Kg4 f5# 0-1

[Event "DM 2023 G5-1 Grp2"]
[Site "Svendborg"]
[Date "2023.04.03"]
[Round "3"]
[White "Andersen, Per"]
[Black "Rasmussen, Erling"]
[Result "0-1"]
[WhiteElo "1524"]
[BlackElo "1635"]
[PlyCount "30"]
[EventDate "2023.04.01"]
[EventType "swiss"]
[EventRounds "5"]
[EventCountry "DEN"]
[SourceTitle "Live v. Kasper Jerwiarz"]

1. d4 f5 2. c4 d6 3. Nf3 Nf6 4. Nc3 c6 5. g3 Qc7 6. d5 e5 7. dxe6 Bxe6 8. e3
Na6 9. b3 O-O-O 10. Bd2 d5 11. cxd5 Nxd5 12. Nxd5 Bxd5 13. Qe2 Nb4 14. Rc1 Be4
15. Kd1 Nxa2 0-1

[Event "DM 2023 G5-1 Grp2"]
[Site "Svendborg"]
[Date "2023.04.03"]
[Round "3"]
[White "Kappel, Erik"]
[Black "Hansen, Anders"]
[Result "0-1"]
[WhiteElo "1445"]
[BlackElo "1501"]
[PlyCount "103"]
[EventDate "2023.04.01"]
[EventType "swiss"]
[EventRounds "5"]
[EventCountry "DEN"]
[SourceTitle "Live v. Kasper Jerwiarz"]

1. d4 Nf6 2. c4 e6 3. Nc3 d5 4. cxd5 exd5 5. Bg5 Be7 6. e3 Nbd7 7. Bd3 O-O 8.
Nf3 c5 9. O-O cxd4 10. Nxd4 a6 11. Rc1 Ne5 12. Be2 b5 13. b3 Bb7 14. Bf4 Ng6
15. Bg5 h6 16. Bxf6 Bxf6 17. Bd3 Be7 18. Qh5 Ba3 19. Rc2 Qd6 20. Nf5 Qf6 21.
Ne2 Ne5 22. Nf4 Nxd3 23. Nxd3 Rac8 24. Rd2 Qc3 25. Rfd1 Rc6 26. Ne7+ Bxe7 27.
Ne5 Re6 28. Nd3 Qf6 29. Nf4 Re5 30. Qf3 Ba8 31. Qe2 Rd8 32. Nd3 Rg5 33. f4 Rg6
34. Ne5 Bb4 35. Rd3 Bc5 36. Nxg6 Qxg6 37. Kf1 Qf6 38. g3 Qe6 39. Rc1 Bb6 40. a3
Qe4 41. Ke1 Qe7 42. b4 Qb7 43. Rcd1 a5 44. e4 d4 45. e5 Qe7 46. Rc1 axb4 47.
axb4 Qxb4+ 48. Kf2 Bd5 49. Qd1 Bc4 50. Rb1 Qe7 51. Ra1 Bxd3 52. Qxd3 0-1

[Event "DM 2023 G5-1 Grp2"]
[Site "Svendborg"]
[Date "2023.04.03"]
[Round "3"]
[White "Bruntse, Caroline Lindegaard"]
[Black "Pedersen, Kim Michael"]
[Result "1-0"]
[WhiteElo "1425"]
[BlackElo "1631"]
[PlyCount "109"]
[EventDate "2023.04.01"]
[EventType "swiss"]
[EventRounds "5"]
[EventCountry "DEN"]
[SourceTitle "Live v. Kasper Jerwiarz"]

1. d4 d5 2. c4 Nf6 3. cxd5 Nxd5 4. e4 Nf6 5. Nc3 g6 6. h3 Bg7 7. Be3 O-O 8. Nf3
c6 9. a4 Qa5 10. Qd2 Nbd7 11. Be2 Rd8 12. O-O Nc5 13. Qc2 Na6 14. Qb3 Nb4 15.
Bc4 e6 16. Bd2 c5 17. Rfe1 Qb6 18. a5 Qc7 19. dxc5 Qxc5 20. Na4 Qc6 21. Qxb4 a6
22. Nb6 Rb8 23. Bf4 Nd7 24. Nxd7 Bxd7 25. Bxb8 Rxb8 26. Rad1 Bf8 27. Qb3 Bg7
28. e5 Qc7 29. Qb6 Qc8 30. Qd6 Be8 31. Rc1 Bc6 32. Qd3 Qe8 33. Rcd1 Bf8 34. Re2
Be7 35. Qe3 Qf8 36. b3 Bc5 37. Qf4 Be7 38. Nd4 Rd8 39. Rd3 Bd5 40. Bxd5 Rxd5
41. Qf3 Qd8 42. Red2 Qxa5 43. Nc2 Rxe5 44. Qxb7 Bg5 45. b4 Qb5 46. Qxb5 Rxb5
47. Rd1 Be7 48. Ra3 Bxb4 49. Nxb4 Rxb4 50. Rxa6 h5 51. Ra7 h4 52. Rd3 e5 53.
Rf3 f5 54. Rc3 Rb8 55. Rc6 1-0

[Event "DM 2023 G5-1 Grp2"]
[Site "Svendborg"]
[Date "2023.04.03"]
[Round "3"]
[White "Hansen, Allan Hallgren"]
[Black "Danielsen, Johnni Hjort"]
[Result "1-0"]
[WhiteElo "1570"]
[BlackElo "1631"]
[PlyCount "61"]
[EventDate "2023.04.01"]
[EventType "swiss"]
[EventRounds "5"]
[EventCountry "DEN"]
[SourceTitle "Live v. Kasper Jerwiarz"]

1. d4 Nf6 2. Nf3 e6 3. c4 Bb4+ 4. Bd2 Be7 5. Nc3 O-O 6. e4 d6 7. Be2 b6 8. O-O
Bb7 9. Qc2 h6 10. Rad1 c5 11. d5 e5 12. a3 a5 13. Ne1 Na6 14. f4 Nd7 15. fxe5
Nxe5 16. Nb5 Nc7 17. Nxc7 Qxc7 18. Bc3 Bf6 19. b3 Bc8 20. Nd3 Re8 21. Nf4 g6
22. Nxg6 fxg6 23. Rxf6 Kh7 24. Rdf1 Ra7 25. Bxe5 dxe5 26. Qd3 Kg7 27. Qg3 g5
28. Qf3 Qd7 29. Qh5 Re7 30. Qxh6+ Kg8 31. Rf8# 1-0

[Event "DM 2023 G5-1 Grp2"]
[Site "Svendborg"]
[Date "2023.04.04"]
[Round "4"]
[White "Bruntse, Kathrine Lindegaard"]
[Black "Nielsen, Angelo"]
[Result "1/2-1/2"]
[WhiteElo "1550"]
[BlackElo "1640"]
[PlyCount "103"]
[EventDate "2023.04.01"]
[EventType "swiss"]
[EventRounds "5"]
[EventCountry "DEN"]
[SourceTitle "Live v. Kasper Jerwiarz"]

1. d4 g6 2. c4 Bg7 3. Nc3 Nf6 4. e4 d6 5. Nf3 O-O 6. Be2 c5 7. d5 Nbd7 8. h3 a6
9. a4 a5 10. O-O Ne8 11. Bf4 h6 12. Qc1 Kh7 13. Re1 Ne5 14. Nxe5 dxe5 15. Be3
b6 16. f4 exf4 17. Bxf4 Bd4+ 18. Kh1 g5 19. Bh2 e5 20. Nb5 f6 21. Nxd4 cxd4 22.
c5 bxc5 23. Qxc5 Kg7 24. Rf1 Qd6 25. Rac1 Qxc5 26. Rxc5 Ba6 27. Bxa6 Rxa6 28.
Rc8 Rb6 29. Rf2 Rg8 30. Ra8 d3 31. Rd2 Nd6 32. Rxg8+ Kxg8 33. Rxd3 Rb4 34. b3
Rxe4 35. Bg1 Kf7 36. Bb6 Re1+ 37. Kh2 e4 38. Rc3 f5 39. Rc6 Ne8 40. Bxa5 Rd1
41. Rc5 f4 42. Bc3 e3 43. Rc4 Nd6 44. Rc7+ Ke8 45. Bf6 Nf5 46. d6 Rxd6 47. Rc8+
Kf7 48. Bc3 Ng3 49. Rc7+ Ke6 50. Be1 e2 51. Kg1 Ne4 52. Rc2 1/2-1/2

[Event "DM 2023 G5-1 Grp2"]
[Site "Svendborg"]
[Date "2023.04.04"]
[Round "4"]
[White "Rasmussen, Erling"]
[Black "Hansen, Anders"]
[Result "1-0"]
[WhiteElo "1635"]
[BlackElo "1501"]
[PlyCount "101"]
[EventDate "2023.04.01"]
[EventType "swiss"]
[EventRounds "5"]
[EventCountry "DEN"]
[SourceTitle "Live v. Kasper Jerwiarz"]

1. e4 c5 2. d4 cxd4 3. c3 dxc3 4. Nxc3 Nc6 5. Nf3 e6 6. Bc4 Qc7 7. Nb5 Qb8 8.
Be3 a6 9. Nbd4 Nf6 10. Qd3 b5 11. Bb3 Bb7 12. O-O Ng4 13. Nxc6 Bxc6 14. Bd4 f6
15. h3 Ne5 16. Bxe5 fxe5 17. Rac1 Qd6 18. Qxd6 Bxd6 19. Rfd1 Ke7 20. Ng5 h6 21.
Nf7 Kxf7 22. Rxd6 Ke7 23. Rcd1 Rhc8 24. f3 a5 25. a3 b4 26. a4 Ra7 27. R6d2
Rac7 28. Kf2 Kf6 29. Rd6 Ke7 30. R6d2 Rf8 31. Ke3 g6 32. Bc2 Rb8 33. b3 g5 34.
Bd3 d5 35. Rc1 Kd6 36. Rdc2 Rbc8 37. exd5 Bxd5 38. Rxc7 Rxc7 39. Rxc7 Kxc7 40.
Bc2 Kd6 41. g4 Bc6 42. Be4 Bd5 43. Bc2 Ke7 44. Bd1 Kf6 45. Bc2 Bc6 46. Be4 Be8
47. Kd3 Bg6 48. Kc4 h5 49. Kb5 hxg4 50. hxg4 Be8+ 51. Kxa5 1-0

[Event "DM 2023 G5-1 Grp2"]
[Site "Svendborg"]
[Date "2023.04.04"]
[Round "4"]
[White "Hanuscheck, Jorgen Peter"]
[Black "Bruntse, Caroline Lindegaard"]
[Result "1/2-1/2"]
[WhiteElo "1602"]
[BlackElo "1425"]
[PlyCount "79"]
[EventDate "2023.04.01"]
[EventType "swiss"]
[EventRounds "5"]
[EventCountry "DEN"]
[SourceTitle "Live v. Kasper Jerwiarz"]

1. d4 d5 2. c4 e6 3. Nf3 Nf6 4. Bg5 Be7 5. e3 O-O 6. cxd5 exd5 7. Bd3 c6 8. O-O
Bg4 9. h3 Bh5 10. Nbd2 Nbd7 11. Qc2 Bg6 12. Rfe1 Re8 13. e4 Nxe4 14. Nxe4 dxe4
15. Bxe7 Qxe7 16. Bc4 Qf6 17. Nh2 e3 18. Qe2 exf2+ 19. Qxf2 Qxf2+ 20. Kxf2 Nb6
21. Bb3 Kf8 22. Nf3 f6 23. g4 a5 24. Nh4 Rad8 25. Nxg6+ hxg6 26. Rxe8+ Kxe8 27.
Re1+ Kf8 28. Rd1 Nd5 29. Kf3 g5 30. Bxd5 Rxd5 31. a4 Ke7 32. Ke4 Kd6 33. Rd3 b5
34. b3 b4 35. Rd2 g6 36. Rf2 Ke6 37. Rf3 f5+ 38. Kd3 f4 39. Ke4 c5 40. dxc5
1/2-1/2

[Event "DM 2023 G5-1 Grp2"]
[Site "Svendborg"]
[Date "2023.04.04"]
[Round "4"]
[White "Kappel, Erik"]
[Black "Skaerved, Mattias"]
[Result "0-1"]
[WhiteElo "1445"]
[BlackElo "1483"]
[PlyCount "92"]
[EventDate "2023.04.01"]
[EventType "swiss"]
[EventRounds "5"]
[EventCountry "DEN"]
[SourceTitle "Live v. Kasper Jerwiarz"]

1. d4 f5 2. Nf3 Nf6 3. c4 g6 4. g3 Bg7 5. Bg2 O-O 6. O-O c6 7. Nc3 d6 8. Qb3 h6
9. h3 Kh7 10. Re1 Qb6 11. Qc2 e6 12. Be3 Qc7 13. Bf4 Nh5 14. Bd2 d5 15. e3 dxc4
16. Ne2 b5 17. a4 Bb7 18. b3 Nd7 19. bxc4 bxa4 20. Nf4 Nxf4 21. exf4 Rfe8 22.
Rxa4 a6 23. c5 Ra7 24. Qc4 Nf8 25. Ba5 Qd7 26. Nd2 g5 27. fxg5 hxg5 28. Qc3 Ng6
29. Qb2 e5 30. Nb3 e4 31. Bc3 Ne7 32. Na5 Rb8 33. Qd2 Bh6 34. Qd1 Nd5 35. Ba1
Re8 36. Nc4 Nf6 37. Nd6 Re7 38. Bf1 Kg6 39. Kg2 Ne8 40. Nc4 Nc7 41. Ne5+ Rxe5
42. dxe5 Nd5 43. Bc4 Bg7 44. Qe2 a5 45. g4 Nf4+ 46. Kf1 Nxe2 0-1

[Event "DM 2023 G5-1 Grp2"]
[Site "Svendborg"]
[Date "2023.04.04"]
[Round "4"]
[White "Andersen, Per"]
[Black "Hansen, Allan Hallgren"]
[Result "1/2-1/2"]
[WhiteElo "1524"]
[BlackElo "1570"]
[PlyCount "101"]
[EventDate "2023.04.01"]
[EventType "swiss"]
[EventRounds "5"]
[EventCountry "DEN"]
[SourceTitle "Live v. Kasper Jerwiarz"]

1. e4 e6 2. d4 d5 3. e5 c5 4. c3 Nc6 5. Nf3 Qb6 6. Be2 cxd4 7. cxd4 Bb4+ 8. Nc3
Bd7 9. O-O Nge7 10. a3 Bxc3 11. bxc3 Rc8 12. Bd2 a6 13. Rb1 Qa7 14. Bd3 Na5 15.
Qe2 Nc4 16. Bxc4 Rxc4 17. Rfc1 Bb5 18. Qe3 Nf5 19. Qf4 O-O 20. Rb4 Rfc8 21.
Rcb1 Rxb4 22. Rxb4 Bc4 23. g4 Ne7 24. Ng5 Rf8 25. h4 h6 26. Nf3 b5 27. h5 Nc6
28. Rb1 Qe7 29. g5 hxg5 30. Nxg5 f6 31. exf6 Rxf6 32. Qg4 Bd3 33. Re1 Bf5 34.
Qg3 Qe8 35. Qc7 Rh6 36. Re3 Rxh5 37. Rg3 g6 38. Bf4 Nd8 39. Be5 Nf7 40. Nxf7
Qxf7 41. Qc8+ Qf8 42. Qxa6 Be4 43. Qxe6+ Qf7 44. Qc8+ Qf8 45. Qxf8+ Kxf8 46. f3
Bf5 47. Kg2 Rh7 48. Bd6+ Kf7 49. Kg1 Rh8 50. Rg2 Re8 51. Kf2 1/2-1/2

[Event "DM 2023 G5-1 Grp2"]
[Site "Svendborg"]
[Date "2023.04.04"]
[Round "4"]
[White "Pedersen, Kim Michael"]
[Black "Danielsen, Johnni Hjort"]
[Result "1-0"]
[WhiteElo "1631"]
[BlackElo "1631"]
[PlyCount "55"]
[EventDate "2023.04.01"]
[EventType "swiss"]
[EventRounds "5"]
[EventCountry "DEN"]
[SourceTitle "Live v. Kasper Jerwiarz"]

1. d4 Nf6 2. Bf4 e6 3. e3 d5 4. c3 c5 5. Nf3 Nc6 6. Bd3 Qb6 7. Na3 Qxb2 8. Nb5
c4 9. Rb1 Qxa2 10. Nc7+ Kd8 11. Bc2 Qa3 12. O-O Rb8 13. Nb5 Qe7 14. Bxb8 Nxb8
15. Nxa7 Qc7 16. Nb5 Qe7 17. Ra1 Nbd7 18. Na7 e5 19. Nxc8 Kxc8 20. e4 Nxe4 21.
Bxe4 dxe4 22. Nxe5 Nxe5 23. dxe5 Qxe5 24. Ra8+ Kc7 25. Qd8+ Kc6 26. Rc8+ Kb5
27. Rb1+ Ka4 28. Ra8+ 1-0